Modern Islamic thought in a radical age : (Record no. 14947)

000 -LEADER
fixed length control field 01352cam a2200301 a 4500
001 - CONTROL NUMBER
control field 17223842
003 - CONTROL NUMBER IDENTIFIER
control field OSt
005 - DATE AND TIME OF LATEST TRANSACTION
control field 20170105102907.0
008 - FIXED-LENGTH DATA ELEMENTS--GENERAL INFORMATION
fixed length control field 120323s2012 enkb b 001 0 eng
010 ## - LIBRARY OF CONGRESS CONTROL NUMBER
LC control number 2012011716
020 ## - INTERNATIONAL STANDARD BOOK NUMBER
International Standard Book Number 9781107096455 (hardback)
040 ## - CATALOGING SOURCE
Original cataloging agency DLC
Transcribing agency DLC
Modifying agency DLC
042 ## - AUTHENTICATION CODE
Authentication code pcc
050 00 - LIBRARY OF CONGRESS CALL NUMBER
Classification number BP161.3
Item number .Z328 2012
082 00 - DEWEY DECIMAL CLASSIFICATION NUMBER
Classification number 297.09051
Edition number 23
Author Mark ZAM 2012
100 1# - MAIN ENTRY--PERSONAL NAME
Personal name Zaman, Muhammad Qasim.
245 10 - TITLE STATEMENT
Title Modern Islamic thought in a radical age :
Remainder of title religious authority and internal criticism /
Statement of responsibility, etc. Muhammad Qasim Zaman.
260 ## - PUBLICATION, DISTRIBUTION, ETC.
Place of publication, distribution, etc. Cambridge ;
-- New York :
Name of publisher, distributor, etc. Cambridge University Press,
Date of publication, distribution, etc. 2012.
300 ## - PHYSICAL DESCRIPTION
Extent ix, 363 p. :
Other physical details map ;
Dimensions 24 cm.
504 ## - BIBLIOGRAPHY, ETC. NOTE
Bibliography, etc. note Includes bibliographical references (p. 323-353) and index.
505 0# - FORMATTED CONTENTS NOTE
Formatted contents note Introduction -- Rethinking consensus -- The language of ijtihad -- Contestations on the common God -- Bridging traditions: madrasas and their internal critics -- Women, law, and society -- Socioeconomic justice -- Denouncing violence: the ambiguities of a discourse -- Epilogue: the paradoxes of internal criticism.
650 #0 - SUBJECT ADDED ENTRY--TOPICAL TERM
Topical term or geographic name entry element Islam
Chronological subdivision 21st century.
650 #0 - SUBJECT ADDED ENTRY--TOPICAL TERM
Topical term or geographic name entry element Islam
General subdivision Doctrines.
650 #0 - SUBJECT ADDED ENTRY--TOPICAL TERM
Topical term or geographic name entry element Islamic sociology.
906 ## - LOCAL DATA ELEMENT F, LDF (RLIN)
a 7
b cbc
c orignew
d 1
e ecip
f 20
g y-gencatlg
942 ## - ADDED ENTRY ELEMENTS (KOHA)
Source of classification or shelving scheme
Koha item type Book
Holdings
Withdrawn status Lost status Damaged status Not for loan Collection code Permanent Location Current Location Shelving location Date acquired Total Checkouts Full call number Barcode Date last seen Price effective from Koha item type
          Centre for International Peace & Stability (CIPS) Centre for International Peace & Stability (CIPS) General Stacks 09/30/2013   297.09051 ZAM 2012 CIPS0001385 10/24/2013 10/24/2013 Book
© 2023 Central Library, National University of Sciences and Technology. All Rights Reserved.